Jak badac zewnetrzne warunki przedsiebiorstwa prywatyzowanego?

Základné oblasti a tematika vonkajších analýz. Ich východiskom má byť analýza trhu. Výskum dopytu. Hodnotenie kooperačnej súvislosti. Dostupnosť výrobných faktorov. Hodnotenie miestnych podmienok. Vybrané ukazovatele vonkajšieho hodnotenia podniku.

Gespeichert in:
Bibliographische Detailangaben
1. Verfasser: Borowiecki, R.
Weitere Verfasser: Chomatowski, S.
Format: Buchkapitel
Sprache:Polnisch
Schlagworte:
Tags: Tag hinzufügen
Keine Tags, Fügen Sie das erste Tag hinzu!

MARC

LEADER 00000naa a2200000 4500
001 r005634
005 20221125122440.0
041 0 |a pol 
044 |a PL 
245 1 0 |a Jak badac zewnetrzne warunki przedsiebiorstwa prywatyzowanego?  |c R. Borowiecki, S. Chomatowski 
520 |a Základné oblasti a tematika vonkajších analýz. Ich východiskom má byť analýza trhu. Výskum dopytu. Hodnotenie kooperačnej súvislosti. Dostupnosť výrobných faktorov. Hodnotenie miestnych podmienok. Vybrané ukazovatele vonkajšieho hodnotenia podniku. 
610 2 0 |a privatizácia 
610 2 0 |a podnik 
610 2 0 |a správanie 
610 2 0 |a analýza ekonomická 
610 2 0 |a analýza trhu 
610 2 0 |a výskum dopytu 
610 2 0 |a faktory výrobné 
610 2 0 |a kooperácia 
610 2 0 |a ukazovatele ekonomické 
100 1 |a Borowiecki, R. 
700 1 |a Chomatowski, S.